The world atlas of horse racing
| Main Author: | |
|---|---|
| Format: | Book |
| Published: |
N.York :
Mallard Press ,
1987
|
MARC
| LEADER | 00000cam a2200000 7i4500 | ||
|---|---|---|---|
| 001 | 0000086981 | ||
| 005 | 20211108.0 | ||
| 008 | 211108 | ||
| 020 | |a 0792450173 | ||
| 020 | |a 9780792450184 | ||
| 090 | 0 | 0 | |a 798.4 |b BED |
| 100 | 1 | |a Bedford, Julian | |
| 245 | 1 | 4 | |a The world atlas of horse racing |c Julian Bedford |
| 260 | |a N.York : |b Mallard Press , |c 1987 | ||
| 300 | |a 224pg | ||
| 500 | |a Includes index | ||
| 999 | |a 0000794876 |b Book |c REFERENCE |e Cawangan Segamat | ||